| 000 | 00512nam a2200097Ia 4500 | ||
|---|---|---|---|
| 008 | 170517s9999 xx 000 0 und d | ||
| 245 | 4 | _aThe Foods that Make Billions | |
| 300 | _aThe Foods that Make Billions is a series looking at how big business feeds us. Starting with a look at the bottled water industry, moving through cereals and finally looking at yoghurt, these three episodes explore the history of... | ||
| 650 | _xBusiness and Economics. | ||
| 856 | _uhttp://topdocumentaryfilms.com/foods-make-billions/ | ||
| 999 |
_c333312 _d333312 |
||